banner-ar

تاريخ العلم : (Record no. 58446)

MARC details
000 -الفاتح
حقل البيانات ثابتة الطول 01054nam a2200265Ia 4500
005 - وقت وتاريخ اخر تعامل مع التسجيلة
رقم الضبط 20240530110105.0
008 - عناصر البيانات ثابتة الطول - معلومات عامة
حقل البيانات ثابتة الطول 140319s1963 xx 000 0 ara d
040 ## - مصدر الفهرسة
وكالة الفهرسة الأصلية GCL /
وكالة النسخ GCL
082 04 - رقم تصنيف ديوى العشرى
رقم التصنيف 509 /
رقم المادة س ت
100 1# - المدخل الرئيسى - إسم شخصى
الإسم الشخصى سارتون ، جورج
245 10 - بيان العنوان
العنوان تاريخ العلم :
بقية العنوان العلم القديم فى العصر الذهبى لليونان /
بيان المسئوليه,etc سارتون ، جورج
رقم الجزء/قسم العمل الجزء الاول الى الجزء السادس
260 ## - PUBLICATION, DISTRIBUTION, ETC. (IMPRINT)
تاريخ النشر أو التوزيع 1963
300 ## - الوصف المادى
التعداد متعدد ص؛
تفاصيل ماديه اخرى للوعاء 24 سم
500 ## - تبصرة عامة
تبصرة عامة تاريخ العلم 6 اجزاء
650 04 - المدخل الاضافى بالموضوع-مصطلح موضوعى
مصطلح موضوعي تاريخ
650 04 - المدخل الاضافى بالموضوع-مصطلح موضوعى
مصطلح موضوعي الحضارة الفرعونية
650 04 - المدخل الاضافى بالموضوع-مصطلح موضوعى
مصطلح موضوعي اليونان
650 04 - المدخل الاضافى بالموضوع-مصطلح موضوعى
مصطلح موضوعي الحضارة الهيلينية
700 1# - المدخل الاضافى - اسم شخصى
الإسم الشخصى محمد كامل حسين
الدور مترجم
700 1# - المدخل الاضافى - اسم شخصى
الإسم الشخصى قسطنطين زريق
الدور مترجم
700 1# - المدخل الاضافى - اسم شخصى
الإسم الشخصى ابراهيم بيومى مدكور
الدور مترجم
700 1# - المدخل الاضافى - اسم شخصى
الإسم الشخصى محمد مصطفى زيادة
الدور مترجم
942 ## - عناصر المدخل الإضافي( كوها)
مصدر التصنيف او مخطط الترفيف Dewey Decimal Classification
Koha [default] item type كتاب
260 ## - PUBLICATION, DISTRIBUTION, ETC. (IMPRINT)
-- القاهرة :
-- دار المعارف،
Holdings
حالة التراجع حالة الفقد حالة تلف ليس للاعارة المكان المؤقت الموقع الحالى تاريخ الاكتساب اجمالي اﻻعارات رقم الطلب الباركود تاريخ اخر مشاهدة تاريخ تفعيل السعر نوع وعاء كوها موقع الترفيف
        مكتبة القاهرة الكبرى مكتبة القاهرة الكبرى 03/26/2014   509\ س ت 151626 03/26/2014 03/26/2014 كتاب  
        مكتبة القاهرة الكبرى مكتبة القاهرة الكبرى 10/16/2022   509 / س ت 168582 10/16/2022 10/16/2022 كتاب ق الرئيسية_العلوم البحتة_ك عربى
        مكتبة القاهرة الكبرى مكتبة القاهرة الكبرى 10/16/2022   509 / س ت 168583 10/16/2022 10/16/2022 كتاب ق الرئيسية_العلوم البحتة_ك عربى
        مكتبة القاهرة الكبرى مكتبة القاهرة الكبرى 10/16/2022   509 / س ت 168584 10/16/2022 10/16/2022 كتاب ق الرئيسية_العلوم البحتة_ك عربى
        مكتبة القاهرة الكبرى مكتبة القاهرة الكبرى 10/16/2022   509 / س ت 168585 10/16/2022 10/16/2022 كتاب ق الرئيسية_العلوم البحتة_ك عربى
        مكتبة القاهرة الكبرى مكتبة القاهرة الكبرى 10/16/2022   509 / س ت 168586 10/16/2022 10/16/2022 كتاب ق الرئيسية_العلوم البحتة_ك عربى

Powered By

EGPV